000 00948nam a2200205 i 4500
001 152029
003 ES-MaACL
005 20230906204512.0
008 001018s1893 fr af |||| | fre d
080 _a572.5
100 1 _aBertillon, Alphonse.
_9199555
245 1 0 _aIdentification anthropométrique
_b: instructions signalétiques /
_cpar Alphonse Bertillon.
250 _aNouvelle éd. entièrement refounde et considèrablement augm. avec un album de 81 planches et un tableau chromatique des nuances de l'iris humain.
260 _aMelun :
_b[s.n.],
_c1893 (
_fImp. Administrative)
300 _a2 v. (LXXXIV, 148 p. ; 81 h. de lám., [2] h. de lám. pleg.) ;
_c24 cm.
597 _aEn v. 2: álbum, que contiene 81 lám. y 1 cuadro cromático de los matices del iris humano.
650 4 _aAntropometría.
_9135576
852 _aES-MaACL
_jD-96-97
_z- Enc. hol., conservando la enc. original
_z. - Donativo Lastres
999 _c152029
_d152029